Normal view MARC view
  • Euroconstruct

Entry Corporate Name

Number of records used in: 1

001 - CONTROL NUMBER

  • control field: 4637

003 - CONTROL NUMBER IDENTIFIER

  • control field: SIRSI

005 - DATE AND TIME OF LATEST TRANSACTION

  • control field: 20190806150235.0

008 - FIXED-LENGTH DATA ELEMENTS

  • fixed length control field: 040521n| aaannaabn |n ana d

040 ## - CATALOGING SOURCE

  • Original cataloging agency: OSt
  • Transcribing agency: OSt

110 ## - HEADING--CORPORATE NAME

  • Corporate name or jurisdiction name as entry element: Euroconstruct
  • Subordinate unit: Conference
  • Number of part/section/meeting: (56th :
  • Date of meeting or treaty signing: 2004
  • Location of meeting: Portugal)

670 ## - SOURCE DATA FOUND

  • Source citation: 56th Euroconstruct Conference, Portugal, 2004